[Event "XVII OOM Podlaskie - Chlopcy"]
[Site "Suwalki"]
[Date "2011.??.??"]
[Round "10.12"]
[White "Siedlanowski, Lukasz"]
[Black "Maciejewski, Andrzej"]
[Result "0-1"]
[WhiteElo "1727"]
[BlackElo "1721"]
[PlyCount "106"]
[EventDate "2011.??.??"]

1. e4 c5 2. Nf3 Nc6 3. d4 cxd4 4. Nxd4 e5 5. Nb5 a6 6. Nd6+ Bxd6 7. Qxd6 Qf6 8.
Qd1 Qg6 9. Nc3 Nf6 10. Qd6 Ng4 11. Qxg6 hxg6 12. Nd5 Rb8 13. h3 d6 14. Bc4 Nd4
15. Bd3 Nf6 16. Nxf6+ gxf6 17. Be3 Nc6 18. Bb6 Ke7 19. Bc4 Be6 20. Bb3 Nb4 21.
O-O Rbc8 22. c3 Bxb3 23. axb3 Nd3 24. Rfd1 Nc5 25. Bxc5 Rxc5 26. Rd3 Rd8 27. c4
Ke6 28. g4 f5 29. f3 f4 30. Rad1 Rc6 31. Rd5 b6 32. Kf2 f5 33. Ra1 a5 34. Rg1
fxe4 35. fxe4 g5 36. Rd3 a4 37. Rc1 Rdc8 38. Rcc3 b5 39. bxa4 bxa4 40. b3 axb3
41. Rxb3 Rxc4 42. Rb6 R8c6 43. Rxc6 Rxc6 44. Kf3 Rc2 45. h4 gxh4 46. g5 Rh2 47.
Kg4 Re2 48. Kh5 Rxe4 49. g6 Re3 50. Rd2 Rg3 51. Kh6 e4 52. Kh7 e3 53. Re2 Kf6
0-1

[Event "XVII OOM Podlaskie - Chlopcy"]
[Site "Suwalki"]
[Date "2011.04.21"]
[Round "10.13"]
[White "Kowalski, Maciej"]
[Black "Kosmala, Mateusz"]
[Result "1/2-1/2"]
[WhiteElo "1704"]
[BlackElo "1719"]
[PlyCount "61"]
[EventDate "2011.??.??"]

1. d4 d5 2. c4 c6 3. e3 Nf6 4. Nc3 e6 5. Nf3 Be7 6. cxd5 cxd5 7. Bd3 O-O 8. O-O
Nc6 9. a3 a6 10. b4 b5 11. Bb2 Bb7 12. Rc1 Rc8 13. Bb1 Nb8 14. Qd3 Nbd7 15. Nd2
g6 16. Nb3 Nb6 17. Nc5 Nc4 18. Nxb7 Nxb2 19. Nxd8 Nxd3 20. Bxd3 Rfxd8 21. Nb1
Nd7 22. Nd2 Nb6 23. Nb3 Nc4 24. Bxc4 dxc4 25. Nc5 Bxc5 26. bxc5 Kf8 27. g3 Ke7
28. f4 f5 29. Rb1 Kd7 30. Kf2 Kc6 31. Ke2 1/2-1/2

[Event "XVII OOM Podlaskie - Chlopcy"]
[Site "Suwalki"]
[Date "2011.04.21"]
[Round "10.14"]
[White "Zebracki, Tomasz"]
[Black "Beczala, Pawel"]
[Result "1/2-1/2"]
[WhiteElo "1798"]
[BlackElo "1693"]
[PlyCount "60"]
[EventDate "2011.??.??"]

1. e4 c5 2. Nf3 e6 3. c3 Nc6 4. d4 d5 5. e5 Qb6 6. Be2 Bd7 7. O-O Nh6 8. b3
cxd4 9. cxd4 Nf5 10. Bb2 Be7 11. g4 Nh4 12. Nbd2 Nxf3+ 13. Nxf3 O-O 14. Rc1
Rac8 15. Bd3 Nb4 16. Bb1 Bb5 17. Re1 Qa6 18. Re3 Rxc1 19. Bxc1 Rc8 20. a3 Nd3
21. Rxd3 Bxd3 22. Bxd3 Rxc1 23. Bxh7+ Kxh7 24. Qxc1 Qxa3 25. Qxa3 Bxa3 26. Kf1
b5 27. Ke1 a5 28. Kd2 Kg6 29. h4 Be7 30. Kc3 Kh6 1/2-1/2

[Event "XVII OOM Podlaskie - Chlopcy"]
[Site "Suwalki"]
[Date "2011.04.21"]
[Round "10.15"]
[White "Molenda, Marcin"]
[Black "Tomaszewski, Kacper"]
[Result "1/2-1/2"]
[WhiteElo "1614"]
[BlackElo "1775"]
[PlyCount "80"]
[EventDate "2011.??.??"]

1. e4 c5 2. c3 d5 3. exd5 Qxd5 4. d4 Nc6 5. Nf3 e5 6. dxe5 Qxd1+ 7. Kxd1 Bg4 8.
Be2 O-O-O+ 9. Ke1 Bxf3 10. Bxf3 Nxe5 11. Be2 Nf6 12. Bf4 Bd6 13. Bxe5 Bxe5 14.
Nd2 Rhe8 15. Rd1 Nd5 16. Nc4 Bc7 17. Kf1 Kb8 18. g3 f5 19. Bf3 Nf6 20. Kg2 g5
21. Rxd8+ Rxd8 22. Rd1 Rxd1 23. Bxd1 f4 24. Nd2 g4 25. f3 h5 26. fxg4 hxg4 27.
gxf4 Bxf4 28. Nf1 b5 29. a4 a6 30. axb5 axb5 31. b3 Kc7 32. Be2 Kc6 33. Ng3 Be5
34. c4 b4 35. Bd3 Kd6 36. Ne4+ Nxe4 37. Bxe4 Ke6 38. Bb7 Kf5 39. Bc8+ Kf4 40.
Bd7 Bc3 1/2-1/2

[Event "XVII OOM Podlaskie - Chlopcy"]
[Site "Suwalki"]
[Date "2011.04.21"]
[Round "10.16"]
[White "Lewtak, Dominik"]
[Black "Fronczak, Sebastian"]
[Result "1/2-1/2"]
[WhiteElo "1750"]
[BlackElo "1712"]
[PlyCount "61"]
[EventDate "2011.??.??"]

1. e4 e5 2. Nf3 Nf6 3. Nxe5 d6 4. Nf3 Nxe4 5. d4 d5 6. Bd3 Nc6 7. O-O Bg4 8.
Re1 f5 9. c4 Be7 10. cxd5 Qxd5 11. Bxe4 fxe4 12. Nc3 Bxf3 13. Qxf3 exf3 14.
Nxd5 Kd7 15. Bf4 Bd6 16. Be5 Bxe5 17. dxe5 Rae8 18. e6+ Rxe6 19. Rxe6 Kxe6 20.
Nxc7+ Kd7 21. Nd5 fxg2 22. Kxg2 Rd8 23. Re1 Kd6 24. Nf4 g5 25. Ne2 Kc7 26. Nc3
a6 27. Re2 b5 28. Ne4 Re8 29. f3 h6 30. Rd2 Rd8 31. Re2 1/2-1/2

[Event "XVII OOM Podlaskie - Chlopcy"]
[Site "Suwalki"]
[Date "2011.04.21"]
[Round "10.17"]
[White "Szymanowski, Mateusz"]
[Black "Osinski, Emil"]
[Result "1/2-1/2"]
[WhiteElo "1743"]
[BlackElo "1672"]
[PlyCount "53"]
[EventDate "2011.??.??"]

1. e4 c6 2. d4 d5 3. f3 dxe4 4. fxe4 e5 5. Nf3 exd4 6. Qxd4 Qxd4 7. Nxd4 Nf6 8.
Bd3 Bc5 9. Nb3 Bb6 10. N1d2 Be6 11. Nf3 O-O 12. Nbd4 Bg4 13. Bg5 Nxe4 14. Bxe4
Re8 15. O-O-O Rxe4 16. Rhe1 Bxf3 17. Nxf3 Rxe1 18. Nxe1 Bc7 19. Nf3 f6 20. Be3
Kf7 21. g3 b6 22. Nd4 Be5 23. Nf3 Bc7 24. Nd4 Be5 25. Nf3 Bc7 26. Nd4 Be5 27.
Nf3 1/2-1/2

[Event "XVII OOM Podlaskie - Chlopcy"]
[Site "Suwalki"]
[Date "2011.04.21"]
[Round "10.18"]
[White "Chomczyk, Marek"]
[Black "Chmielarz, Maciej"]
[Result "0-1"]
[WhiteElo "1696"]
[BlackElo "1823"]
[PlyCount "148"]
[EventDate "2011.??.??"]

1. e4 c6 2. d4 d5 3. Nc3 dxe4 4. Nxe4 Bf5 5. Ng3 Bg6 6. Nf3 Nd7 7. c3 Qc7 8.
Bd3 Bxd3 9. Qxd3 Ngf6 10. O-O e6 11. c4 Be7 12. Re1 Nb6 13. Ne4 Rd8 14. Neg5
O-O 15. Qe2 Bb4 16. Rd1 h6 17. Nh3 Nbd7 18. c5 Ba5 19. Rd3 Qb8 20. g3 Bc7 21.
Bf4 Nd5 22. Bxc7 Qxc7 23. Nd2 e5 24. Rc1 exd4 25. Rxd4 Rfe8 26. Re4 N7f6 27.
Rxe8+ Rxe8 28. Qf3 g5 29. Qf5 Re5 30. Qd3 Qd7 31. Qf1 g4 32. Nf4 Nxf4 33. gxf4
Rf5 34. Nc4 Rxf4 35. Nd6 Ne4 36. Nxe4 Rxe4 37. Rd1 Qe6 38. Rd8+ Kg7 39. Qd3 h5
40. Qc3+ Qe5 41. Qxe5+ Rxe5 42. a3 Rxc5 43. Rd7 Rb5 44. b4 a5 45. bxa5 Rxa5 46.
Rxb7 Rxa3 47. Rc7 Rc3 48. Kf1 Rc2 49. Kg2 Kg6 50. Rd7 c5 51. Kg3 Rc3+ 52. Kg2
c4 53. Kf1 Rc1+ 54. Kg2 c3 55. Rc7 c2 56. h3 gxh3+ 57. Kh2 Kg5 58. Rc3 Kf4 59.
f3 f5 60. Rc4+ Kxf3 61. Rc3+ Ke4 62. Rc8 Kd3 63. Rd8+ Ke3 64. Re8+ Kf3 65. Rc8
f4 66. Rc3+ Ke2 67. Rc8 f3 68. Re8+ Kd3 69. Rd8+ Ke4 70. Rc8 Kd5 71. Rd8+ Ke6
72. Rc8 f2 73. Rc3 Rh1+ 74. Kg3 f1=Q 0-1

[Event "XVII OOM Podlaskie - Chlopcy"]
[Site "Suwalki"]
[Date "2011.04.21"]
[Round "10.19"]
[White "Krawiecki, Stanislaw"]
[Black "Smieszek, Wojciech"]
[Result "0-1"]
[WhiteElo "1520"]
[BlackElo "1741"]
[PlyCount "108"]
[EventDate "2011.??.??"]

1. e4 c5 2. Nf3 Nc6 3. d4 cxd4 4. Nxd4 g6 5. c4 Nf6 6. Nc3 d6 7. Be2 Nxd4 8.
Qxd4 Bg7 9. Be3 O-O 10. Qd2 Be6 11. O-O Qa5 12. Rac1 Rfc8 13. b3 Nd7 14. Nd5
Qxd2 15. Bxd2 Bxd5 16. exd5 Rc7 17. Bc3 Rac8 18. Bxg7 Kxg7 19. Rc3 b5 20. Rfc1
Nb6 21. Bf3 bxc4 22. bxc4 Rxc4 23. Rxc4 Rxc4 24. Re1 Kf6 25. Kf1 Rd4 26. Rb1
Nc4 27. Rb7 Nd2+ 28. Ke2 Nxf3 29. Kxf3 Ra4 30. Rb2 h5 31. g3 g5 32. Ke3 Ke5 33.
Rd2 Ra3+ 34. Ke2 Ra5 35. Rb2 Kxd5 36. Rd2+ Ke5 37. Rc2 e6 38. Rb2 Ra3 39. Rc2
d5 40. Rd2 g4 41. Rb2 d4 42. Rb5+ Ke4 43. Rb2 e5 44. Rd2 f5 45. Rb2 Rc3 46. Kd2
a5 47. Ke2 a4 48. Rd2 a3 49. Ke1 d3 50. Rd1 Rc2 51. Ra1 d2+ 52. Kd1 Kd3 53. Rb1
Rb2 54. Ra1 e4 0-1

[Event "XVII OOM Podlaskie - Chlopcy"]
[Site "Suwalki"]
[Date "2011.04.21"]
[Round "10.20"]
[White "Gluszak, Pawel"]
[Black "Czajkowski, Adam"]
[Result "1/2-1/2"]
[WhiteElo "1528"]
[BlackElo "1802"]
[PlyCount "60"]
[EventDate "2011.??.??"]

1. e4 c5 2. Nf3 e6 3. d4 cxd4 4. Nxd4 a6 5. c4 d6 6. Be2 Nf6 7. Nc3 Nbd7 8. Be3
Qc7 9. O-O b6 10. b3 Bb7 11. Bd3 Nc5 12. f3 Be7 13. Rc1 Nxd3 14. Qxd3 O-O 15.
Qe2 Rac8 16. Qf2 Nd7 17. Na4 Nc5 18. Nxc5 dxc5 19. Ne2 Bd6 20. Ng3 f5 21. exf5
exf5 22. Bd2 Rb8 23. Bc3 Rf7 24. Rfe1 Rd7 25. Kf1 b5 26. Rc2 b4 27. Bb2 g6 28.
Rce2 Kf7 29. Qe3 Kg8 30. Qg5 Rf8 1/2-1/2

[Event "XVII OOM Podlaskie - Chlopcy"]
[Site "Suwalki"]
[Date "2011.04.21"]
[Round "10.21"]
[White "Buraczewski, Rafal"]
[Black "Nun, Grzegorz"]
[Result "1/2-1/2"]
[WhiteElo "1631"]
[BlackElo "1705"]
[PlyCount "93"]
[EventDate "2011.??.??"]

1. Nf3 Nf6 2. c4 g6 3. g3 Bg7 4. Bg2 O-O 5. O-O c5 6. Nc3 Nc6 7. b3 a6 8. Bb2
d6 9. e3 Bf5 10. d4 cxd4 11. Nxd4 Nxd4 12. exd4 Rb8 13. Re1 Re8 14. Qd2 Qc7 15.
Rac1 Rbd8 16. h3 h5 17. Rcd1 Qc8 18. Kh2 Kh7 19. Qe2 e5 20. dxe5 dxe5 21. Nd5
Nxd5 22. Bxd5 f6 23. Qf3 Bxh3 24. Bxb7 Bg4 25. Qg2 Qc7 26. Rxd8 Rxd8 27. Bd5
Qa5 28. Ra1 Qd2 29. f3 Qxg2+ 30. Kxg2 Be6 31. Rd1 Bxd5 32. Rxd5 Rxd5 33. cxd5
Bf8 34. f4 Bd6 35. Kf3 Kg7 36. Bc3 Kf7 37. a4 Ke7 38. b4 exf4 39. gxf4 h4 40.
Bd2 Bc7 41. b5 axb5 42. axb5 Kd6 43. Kg4 Kxd5 44. Kxh4 Kc5 45. Bc3 Kxb5 46.
Bxf6 Bxf4 47. Kg4 1/2-1/2

[Event "XVII OOM Podlaskie - Chlopcy"]
[Site "Suwalki"]
[Date "2011.04.21"]
[Round "10.22"]
[White "Mrozowski, Patryk"]
[Black "Lebiedowicz, Borys"]
[Result "0-1"]
[WhiteElo "1676"]
[BlackElo "1689"]
[PlyCount "56"]
[EventDate "2011.??.??"]

1. e4 e5 2. Nf3 Nc6 3. Bc4 Nf6 4. Ng5 d5 5. exd5 Na5 6. Bb5+ c6 7. dxc6 bxc6 8.
Qf3 Rb8 9. Bxc6+ Nxc6 10. Qxc6+ Nd7 11. Nf3 Bb7 12. Qc3 Bd6 13. Qe3 O-O 14. d3
f5 15. Qg5 Be7 16. Qe3 e4 17. dxe4 fxe4 18. Nd4 Bc5 19. c3 Ne5 20. O-O Qd5 21.
h3 Rf6 22. Kh1 Ba6 23. Re1 Nd3 24. Re2 Nxc1 25. Qxc1 Bxe2 26. Nxe2 Rxf2 27. Ng1
Rbxb2 28. c4 Qe5 0-1

[Event "XVII OOM Podlaskie - Chlopcy"]
[Site "Suwalki"]
[Date "2011.04.21"]
[Round "10.23"]
[White "Maciejewski, Mikolaj"]
[Black "Mazur, Bartlomiej"]
[Result "1-0"]
[WhiteElo "1622"]
[BlackElo "1603"]
[PlyCount "71"]
[EventDate "2011.??.??"]

1. e4 e6 2. d4 d5 3. Nc3 dxe4 4. Nxe4 Bd7 5. Nf3 Bc6 6. Bd3 Nd7 7. O-O Ngf6 8.
Bg5 Be7 9. Nxf6+ Bxf6 10. Bxf6 Nxf6 11. c3 O-O 12. Ne5 Qd5 13. Nxc6 Qxc6 14.
Qc2 h6 15. f4 Nd5 16. Rf3 Qd6 17. Qf2 Qc6 18. f5 Rae8 19. c4 Nb4 20. f6 Qd6 21.
fxg7 Kxg7 22. Rg3+ Qxg3 23. Qxg3+ Kh8 24. Rf1 f5 25. Qe5+ Kh7 26. Qxc7+ Kh8 27.
Rf3 Rg8 28. Qe5+ Kh7 29. Rxf5 Nxd3 30. Rf7+ Kg6 31. Qf6+ Kh5 32. Rh7 Kg4 33.
h3+ Kg3 34. Qf3+ Kh4 35. Rxh6+ Kg5 36. Qf6# 1-0